LEADER 01615nam 2200457 450 001 996214349403316 005 20230421041057.0 035 $a(CKB)111026746710434 035 $a(SSID)ssj0000445286 035 $a(PQKBManifestationID)12167862 035 $a(PQKBTitleCode)TC0000445286 035 $a(PQKBWorkID)10485485 035 $a(PQKB)11093021 035 $a(WaSeSS)IndRDA00124021 035 $a(EXLCZ)99111026746710434 100 $a20200529d1994 uy 0 101 0 $aeng 135 $aur||||||||||| 181 $ctxt 182 $cc 183 $acr 200 10$aProceedings of the 1994 Tactical Communications Conference $eFort Wayne, Indiana, 10, 11, 12 May 1994 /$fsponsored by Advanced Research Projects Agency 210 1$aPiscataway, New Jersey :$cInstitute of Electrical and Electronics Engineers,$d1994. 215 $a1 online resource (482 pages) 300 $aIncludes index. 311 $a0-7803-2004-2 327 $av. 1. Digital technology for the tactical communicator. 606 $aMilitary telecommunication$vCongresses 606 $aDigital communications$vCongresses 607 $aUnited States$xArmed Forces$xCommunication systems$xCongresses 615 0$aMilitary telecommunication 615 0$aDigital communications 676 $a623.73 712 02$aUnited States.$bAdvanced Research Projects Agency, 712 12$aTactical Communications Conference 801 0$bWaSeSS 801 1$bWaSeSS 906 $aBOOK 912 $a996214349403316 996 $aProceedings of the 1994 Tactical Communications Conference$92534435 997 $aUNISA